000
00269nam a22001217a 4500
082
_a
823
_b
UNK/L
100
_a
UNKNOWN
245
_a
LION ACTIVITY PLAY BOOK
260
_a
NEW YORK
_b
LADY BIRD BOOKS
300
_a
13
650
_a
ENGLISH STORY
_z
UNITED STATES
942
_c
BK
999
_c
7592
_d
7592